000 00303nam a22001337a 4500
008 170620b xxu||||| |||| 00| 0 eng d
020 _a9780198782636
041 _aeng
080 _a32
100 _a20
101 _ashp
245 _aTHE GLOBALIZATION OF WORLD POLITICS
_cBAYLIS, J
942 _2udc
_cBK
999 _c18324
_d18324